000 00380nam a22001577a 4500
020 _a0-19-945749-2
041 _aENG
100 _aRaman Meenakshi
245 _aTechnical Communication Principles and Practice
250 _a3th Edition
260 _aNew Delhi
_bOxford University Press
_c2018
300 _a498
650 _aEnglish
700 _aSharma Sangeeta
856 _uEnglish
999 _c85
_d85